| 000 | 01397nam a2200349 a 4500 | ||
|---|---|---|---|
| 001 | 000115051 | ||
| 003 | CHAP | ||
| 005 | 20220329144512.0 | ||
| 008 | 180911s2018 mx a sm |||||||spa d | ||
| 010 | _a111512 | ||
| 011 | _a112484 | ||
| 040 | _cCHAP | ||
| 090 | _aTesis | ||
| 100 | 1 |
_aVelázquez de la Cruz, Jovan Aricel. _9135867 |
|
| 245 | 1 | 0 |
_aClimas de Chiapas y Tabasco según Papadakis (1980) considerando lluvia probabilística y escenarios de cambio climático global / _h[En línea] _cpor Jovan Aricel Velázquez de la Cruz. |
| 260 |
_aChapingo, Méx. : _bEl autor, _c2018. |
||
| 500 | _aPara ver el contenido del material haga clic en la liga | ||
| 502 | _aTesis (Ing. Agr. Esp. en Zonas Tropicales) -- UACH. Unidad Regional Universitaria Sur-Sureste | ||
| 590 |
_aBATCH-UPD _b10 _c20190603 _lUCH01 _h1149 |
||
| 590 |
_aE11695DGD _b10 _c20190603 _lUCH01 _h1148 |
||
| 590 |
_aE8697GMM _b05 _c20180911 _lUCH01 _h1423 |
||
| 590 |
_aE8697GMM _b05 _c20180911 _lUCH01 _h1447 |
||
| 590 |
_aE8697GMM _b05 _c20180912 _lUCH01 _h1209 |
||
| 590 |
_aE8697GMM _b05 _c20181130 _lUCH01 _h1014 |
||
| 590 |
_aE8697GMM _b05 _c20190515 _lUCH01 _h1530 |
||
| 650 | 1 | 4 |
_aPrecipitación (Meteorología) _xTabasco. _991356 |
| 650 | 1 | 4 |
_aPrecipitación (Meteorología) _zChiapas. _991362 |
| 856 |
_aFinding aid _uhttp://10.13.5.2/tesis/sist115051.pdf _zTeclea aquí |
||
| 901 | _aBK | ||
| 942 | _cTESIS | ||
| 942 | _n0 | ||
| 999 |
_c111512 _d111512 |
||